Mantenimiento de Turbina de Gas
El presente trabajo trata sobre el diseño de un laboratorio Taller de Soldadura en la Universidad Nacional de Ingeniería, ubicado en el Recinto Pedro Aráuz Palacios (RUPAP). El documento muestra el diseño de construcción estructural del laboratorio, guías prácticas de laboratorio, distribucio...
| Main Author: | |
|---|---|
| Other Authors: | |
| Format: | Tesis Section = Libro |
| Language: | Undetermined Spanish |
| Published: |
Managua
UNI
1997
|
| Subjects: |
| LEADER | 01139nam a2200229Ia 4500 | ||
|---|---|---|---|
| 008 | 240830s9999 xx 000 0 und d | ||
| 040 | |a BIBLIOTECA-RUPAP MON 621.433 G216 | ||
| 041 | |a spa | ||
| 082 | |a MON 621.433 G216 | ||
| 100 | 1 | |a García Ruiz, Pablo V. | |
| 245 | 1 | 0 | |a Mantenimiento de Turbina de Gas |
| 260 | |a Managua |b UNI |c 1997 | ||
| 300 | |a 167 p. :il. | ||
| 500 | |a Contiene: tablas y gráficos. | ||
| 502 | |a Tesis (Ingeniero Mecánico)- UNI, 1997. | ||
| 520 | 3 | |a El presente trabajo trata sobre el diseño de un laboratorio Taller de Soldadura en la Universidad Nacional de Ingeniería, ubicado en el Recinto Pedro Aráuz Palacios (RUPAP). El documento muestra el diseño de construcción estructural del laboratorio, guías prácticas de laboratorio, distribución interna de los equipos, dispositivos y accesorios en el laboratorio, normas de seguridad personal dentro del laboratorio y un análisis de gastos de operación del laboratorio de soldadura. | |
| 650 | 7 | |a TURBINAS DE GAS | |
| 650 | 7 | |b MANTENIMIENTO | |
| 700 | 1 | |a Tutor: |b Barrios González, Abelardo | |
| 942 | |c BK |2 ddc | ||
| 991 | |a TESIS | ||
| 999 | |c 15774 | ||